[Event "Reykjavik Open 2017"]
[Site "Reykjavik ISL"]
[Date "2017.04.27"]
[Round "10.111"]
[White "Johannesson,Haki"]
[Black "Kvamme,Ingrid Jodre"]
[Result "1-0"]
[WhiteElo "1705"]
[BlackElo "1444"]

1.e4 c5 2.g3 d6 3.Bg2 Nf6 4.Nc3 g6 5.Nf3 Bg7 6.O-O O-O 7.Re1 Nfd7 8.d3 Nc6
9.Ne2 Nde5 10.c3 Bd7 11.Nxe5 Nxe5 12.f4 Nc6 13.Be3 b5 14.d4 cxd4 15.Nxd4 Qa5
16.e5 Rac8 17.exd6 exd6 18.Nxc6 Bxc6 19.Qxd6 Bxg2 20.Kxg2 Rfe8 21.Qd7 Rcd8
22.Qxa7 Qxa7 23.Bxa7 Rxe1 24.Rxe1 Rd2+ 25.Kf3 h5 26.Re2 Rd5 27.Ke4 Rd7 28.Bd4
f5+ 29.Kd3 Kf7 30.Re1 Bf8 31.Kc2 Bd6 32.Kb3 Bc7 33.a4 Rd5 34.axb5 Rxb5+ 35.Kc2
Ra5 36.Re2 Bd6 37.Kd3 {#r} 1-0

[Event "Reykjavik Open 2017"]
[Site "Reykjavik ISL"]
[Date "2017.04.27"]
[Round "10.114"]
[White "Davidsson,Stefan Orri"]
[Black "Einarsson,Oskar Long"]
[Result "0-1"]
[WhiteElo "1490"]
[BlackElo "1681"]

1.e4 e6 2.d4 d5 3.Nd2 Nf6 4.e5 Nfd7 5.Bd3 c5 6.c3 Nc6 7.Ne2 Qb6 8.Nf3 f6
9.exf6 Nxf6 10.O-O Be7 11.dxc5 Bxc5 12.b4 Bd6 13.Be3 Qc7 14.h3 O-O 15.Qc2 e5
16.b5 Ne7 17.b6 axb6 18.Nd2 e4 19.Bb5 Nf5 20.Bd4 Nxd4 21.Nxd4 Be5 22.N2b3 Qf7
23.c4 Bd7 24.Bxd7 Qxd7 25.Rad1 Rfc8 26.Nb5 Qxb5 27.Nd2 dxc4 28.Nxe4 c3
29.Nxf6+ Bxf6 30.Rb1 Qc4 31.Rxb6 Rxa2 32.Qd1 c2 33.Qd7 c1=Q {#R} 0-1

[Event "Reykjavik Open 2017"]
[Site "Reykjavik ISL"]
[Date "2017.04.27"]
[Round "10.116"]
[White "Axelsson,T"]
[Black "Thorsteinsdottir,Svava"]
[Result "0-1"]
[WhiteElo "1799"]
[BlackElo "1358"]

1.e4 c5 2.f4 d6 3.Nf3 Nf6 4.d3 e6 5.Be3 Be7 6.Nc3 Nc6 7.Be2 O-O 8.Qd2 a6 9.Ng5
d5 10.Bg1 d4 11.Nd1 Nd7 12.Nf2 e5 13.g3 b5 14.h4 Nb6 15.Ng4 f6 16.Nh3 c4 17.f5
Bb4 18.c3 Ba5 19.a3 Na4 20.dxc4 Nxc3 21.b4 Bc7 22.Ngf2 Bb7 23.c5 Ne7 24.Bd3
Nxf5 25.exf5 Bxh1 26.Nxh1 Qd5 27.N1f2 Rae8 28.Kf1 e4 29.Nf4 Bxf4 30.Qxf4 exd3
31.Nxd3 Re2 32.Bf2 Qh1+ 33.Bg1 Qg2# 0-1

[Event "Reykjavik Open 2017"]
[Site "Reykjavik ISL"]
[Date "2017.04.27"]
[Round "10.122"]
[White "Tummasarson,Flovin M."]
[Black "Sigurvaldason,Hjalmar"]
[Result "0-1"]
[WhiteElo "1224"]
[BlackElo "1441"]

1.e4 d5 2.exd5 Qxd5 3.Nc3 Qa5 4.d4 c6 5.Nf3 Bg4 6.Bc4 Nf6 7.Be3 e6 8.a3 Qc7
9.O-O Bd6 10.h3 Bh5 11.Be2 Nbd7 12.Nd2 Bxe2 13.Qxe2 O-O 14.Nce4 Bf4 15.Rab1 e5
16.Bxf4 exf4 17.Qf3 Nxe4 18.Nxe4 Rae8 19.Nc3 Re7 20.d5 Nf6 21.dxc6 bxc6 22.Ne2
g5 23.c3 Ne4 24.Rfd1 f5 25.Nd4 c5 26.Ne2 Rfe8 27.Qh5 Nxf2 28.Qxg5+ Rg7 29.Qh5
Nxh3+ 30.Qxh3 Rxe2 31.Qxf5 Rgxg2+ 32.Kh1 Rh2+ 33.Kg1 Qg7+ {#R} 0-1

[Event "Reykjavik Open 2017"]
[Site "Reykjavik ISL"]
[Date "2017.04.27"]
[Round "10.123"]
[White "Fjallheim,Benjamin Reinert"]
[Black "Thorisson,Benedikt"]
[Result "1-0"]
[WhiteElo "1322"]
[BlackElo "1057"]

1.e4 c5 2.Nc3 Nc6 3.f4 g6 4.Nf3 Bg7 5.Bc4 e6 6.d3 Nge7 7.Be3 O-O 8.Qd2 d6
9.Bb3 a6 10.h4 d5 11.Bxc5 Qc7 12.exd5 Na5 13.Bxe7 Nxb3 14.axb3 Qxe7 15.dxe6
Bxe6 16.O-O-O Bh6 17.h5 Qc7 18.g3 Bg4 19.Qf2 Bxh5 20.Nd5 Qd8 21.Qd4 Bg7 22.Qe4
Re8 23.Ne5 f6 24.Rdg1 Bg4 25.Nxf6+ Qxf6 26.Qxb7 g5 27.c3 gxf4 28.Nxg4 Qg5
29.Nh6+ Bxh6 30.gxf4 Qxg1+ 31.Rxg1+ Kh8 32.Qf7 Rf8 33.Qc4 Bxf4+ 34.Kb1 Rae8
35.Qxa6 Rg8 {#r} 1-0

[Event "Jorge Szmetan Mem 2017"]
[Site "Buenos Aires ARG"]
[Date "2017.04.27"]
[Round "11.1"]
[White "Pichot,A"]
[Black "Granda Zuniga,J"]
[Result "1-0"]
[WhiteElo "2556"]
[BlackElo "2658"]
[EventType "tourn"]

1.e4 c6 2.d4 d5 3.e5 Bf5 4.Nf3 e6 5.Be2 Ne7 6.O-O Nd7 7.a4 h6 8.a5 g5 9.a6 b5
10.Ne1 Bg6 11.c3 Qb6 12.Nd2 Bg7 13.Nb3 Nf5 14.Nd3 Bf8 15.f4 c5 16.dxc5 Nxc5
17.Ndxc5 Bxc5+ 18.Nxc5 Qxc5+ 19.Kh1 h5 20.fxg5 h4 21.Rxf5 Bxf5 22.Qg1 Qxg1+
23.Kxg1 b4 24.Be3 bxc3 25.bxc3 O-O 26.Ra4 Rfc8 27.Bd4 Rc7 28.Rb4 Rac8 29.Rb7
Kg7 30.Rxa7 Rxc3 31.Bxc3 Rxc3 32.Rd7 Ra3 33.a7 Be4 34.Bh5 d4 35.Rxf7+ Kg8
36.Rd7 Ra1+ 37.Kf2 Ra2+ 38.Ke1 Ra1+ 39.Kd2 Ra2+ 40.Kc1 Rxg2 41.Rxd4 {#r} 1-0

[Event "Jorge Szmetan Mem 2017"]
[Site "Buenos Aires ARG"]
[Date "2017.04.27"]
[Round "11.2"]
[White "Hoffman,A"]
[Black "Morovic Fernandez,I"]
[Result "0-1"]
[WhiteElo "2488"]
[BlackElo "2527"]
[EventType "tourn"]

1.d4 Nf6 2.c4 e6 3.Nc3 Bb4 4.Nf3 c5 5.g3 cxd4 6.Nxd4 Ne4 7.Bd2 Bxc3 8.Bxc3
Nxc3 9.bxc3 a6 10.Bg2 Qc7 11.Qb3 d6 12.O-O Nd7 13.Rab1 O-O 14.f4 Rd8 15.Kh1
Nc5 16.Qd1 Bd7 17.f5 e5 18.Nc2 Bc6 19.Ne3 f6 20.Nd5 Qf7 21.g4 Kh8 22.Rb6 Rac8
23.Qd2 e4 24.Nf4 Qxc4 25.Rb4 Qf7 26.Rd4 Qe7 27.Qe3 Kg8 28.Rfd1 b5 29.h4 Bb7
30.c4 b4 31.Bh3 Nd3 32.Nd5 Bxd5 33.cxd5 Nb2 34.Rg1 Rc3 35.Qd2 Rxh3+ 36.Kg2
Rxh4 37.Kg3 Qe5+ {#R} 0-1

[Event "ch-CRO 2017"]
[Site "Valpovo CRO"]
[Date "2017.04.27"]
[Round "3.1"]
[White "Zelcic,R"]
[Black "Martinovic,Sa"]
[Result "0-1"]
[WhiteElo "2500"]
[BlackElo "2551"]

1.e4 e6 2.d4 d5 3.Nc3 Nf6 4.Bg5 dxe4 5.Nxe4 Be7 6.Bxf6 gxf6 7.Qd2 f5 8.Nc3 a6
9.g3 Qd6 10.Bg2 Nd7 11.Nge2 Rb8 12.Rd1 b5 13.Nf4 c5 14.d5 e5 15.Nh5 Nb6 16.O-O
b4 17.Nb1 Rg8 18.Qe2 Bd7 19.Rfe1 f6 20.Qe3 Kd8 21.f4 e4 22.Nd2 c4 23.Kh1 Rc8
24.c3 Na4 25.Bxe4 Nxb2 26.Rb1 fxe4 27.Rxb2 Qxd5 28.Nxf6 Bxf6 29.Qb6+ Ke7
30.Nxe4 Bxc3 31.Rg2 Qe6 32.Qxe6+ Kxe6 33.Nxc3+ Kf7 34.Ne4 Bc6 35.Kg1 Bxe4
36.Rxe4 Rge8 37.Rd4 a5 38.Rc2 b3 39.Rd7+ Kg8 40.axb3 cxb3 41.Rcd2 Rb8 {#R} 0-1

[Event "ch-NED Junior 2017"]
[Site "Assen NED"]
[Date "2017.04.27"]
[Round "7.1"]
[White "Van Foreest,Lucas"]
[Black "Schoppen,Casper"]
[Result "1-0"]
[WhiteElo "2477"]
[BlackElo "2423"]

1.e4 Nf6 2.e5 Nd5 3.d4 d6 4.c4 Nb6 5.f4 dxe5 6.fxe5 Bf5 7.Nf3 e6 8.Nc3 Nc6
9.Be2 Qd7 10.O-O Rd8 11.Be3 Be7 12.a4 Nb4 13.a5 Nc8 14.Rc1 O-O 15.Qb3 c6
16.Rfd1 h6 17.Na4 Qc7 18.Bd2 Na6 19.Qe3 Nb4 20.b3 b6 21.Bxb4 Bxb4 22.d5 Bxa5
23.d6 Nxd6 24.exd6 Rxd6 25.Rxd6 Qxd6 26.Rd1 Qc7 27.Qe5 Qc8 28.Nd4 Bg6 29.Qd6
Rd8 30.Nxc6 Rxd6 31.Ne7+ Kf8 32.Nxc8 Rxd1+ 33.Bxd1 e5 34.Nxa7 e4 35.Nc6 Bd2
36.Kf1 e3 37.Nxb6 {#r} 1-0

[Event "ch-NED Junior 2017"]
[Site "Assen NED"]
[Date "2017.04.27"]
[Round "7.4"]
[White "Den Hartog,Marijn"]
[Black "Van Dael,Siem"]
[Result "0-1"]
[WhiteElo "2227"]
[BlackElo "2051"]

1.d4 Nf6 2.c4 g6 3.Nc3 Bg7 4.e4 d6 5.Be2 O-O 6.Be3 Nc6 7.Nf3 e5 8.d5 Ne7 9.h3
a6 10.g4 c6 11.a4 Qa5 12.Nd2 h6 13.Kf1 Qc7 14.Rc1 c5 15.g5 hxg5 16.Nf3 g4
17.Ng5 gxh3 18.Nxh3 Nh7 19.Ng5 Nxg5 20.Bxg5 f6 21.Be3 f5 22.Bg5 fxe4 23.Nxe4
Bf5 24.Bd3 Rf7 25.f4 b5 26.Qd2 bxc4 27.Bb1 Qd7 28.Rxc4 Rb8 29.Ke1 exf4 30.b4
Rxb4 31.Rxb4 cxb4 32.Qxb4 Nxd5 33.Qb8+ Rf8 34.Qb3 Qe6 35.Kd2 Bxe4 36.Re1 Bc3+
{#R} 0-1

[Event "ch-NED Junior 2017"]
[Site "Assen NED"]
[Date "2017.04.27"]
[Round "7.5"]
[White "Vrolijk,Liam"]
[Black "Damen,Jip"]
[Result "1-0"]
[WhiteElo "2378"]
[BlackElo "1859"]

1.d4 d6 2.c4 e5 3.Nc3 exd4 4.Qxd4 Nc6 5.Qd2 f5 6.g3 Nf6 7.Bg2 g6 8.b3 Bg7
9.Bb2 Be6 10.Nh3 Qd7 11.Nf4 Bf7 12.Ncd5 Bxd5 13.Nxd5 Nxd5 14.cxd5 Nb8 15.Qe3+
Kf8 16.Bxg7+ Qxg7 17.O-O Na6 18.Rac1 Kf7 19.Rc4 Rhe8 20.Qd2 Re7 21.e3 Kg8
22.Rfc1 Rc8 23.b4 Rce8 24.Qc2 Qf7 25.a3 Re5 26.Rc3 R5e7 27.Bf1 Rc8 28.Bxa6
bxa6 29.Qd3 Ra8 30.Qxa6 Qxd5 31.Rxc7 Rxc7 32.Rxc7 Qd1+ 33.Qf1 Qb3 34.Qa1 {#r}
1-0

[Event "ch-NED Junior 2017"]
[Site "Assen NED"]
[Date "2017.04.27"]
[Round "7.6"]
[White "Van Baar,Esper"]
[Black "Nieczyporowski,Miki"]
[Result "1-0"]
[WhiteElo "2136"]
[BlackElo "1616"]

1.e4 c5 2.Ne2 d6 3.g3 Nf6 4.Bg2 g6 5.c3 Bg7 6.d4 cxd4 7.cxd4 Nc6 8.h3 O-O
9.O-O e5 10.Nbc3 a6 11.Be3 Bd7 12.Rc1 b5 13.dxe5 dxe5 14.Nd5 Rb8 15.Bg5 Rb7
16.f4 h6 17.fxe5 hxg5 18.exf6 Bh6 19.g4 Ne5 20.Ne7+ Kh7 21.b3 Qb8 22.Nd4 Rd8
23.Nd5 Bf8 24.Kh1 Bd6 25.Qd2 Rh8 26.Qxg5 Nxg4 27.Nf5 Bg3 28.Qxg4 Bxf5 29.exf5
{#r} 1-0

[Event "ch-NED Junior 2017"]
[Site "Assen NED"]
[Date "2017.04.27"]
[Round "7.9"]
[White "Van Hoorn,Geert"]
[Black "Hofstra,Tijmen"]
[Result "1-0"]
[WhiteElo "1952"]
[BlackElo "1558"]

1.e4 c5 2.Nc3 e6 3.f4 d5 4.Nf3 dxe4 5.Nxe4 Be7 6.Bb5+ Bd7 7.Bxd7+ Nxd7 8.O-O
Ngf6 9.d3 O-O 10.Ng3 Qb6 11.Kh1 Rfd8 12.f5 Bd6 13.fxe6 Bxg3 14.exf7+ Kxf7
15.hxg3 Kg8 16.b3 Nh5 17.Bf4 Nxf4 18.gxf4 Nf6 19.Ne5 Nd5 20.Qh5 Qf6 21.Ng4 Qc6
22.Qg5 Rd6 23.f5 Rf8 24.Rae1 Nf6 25.Re7 Ne8 26.f6 Rf7 27.Nh6+ Kh8 28.Nxf7+ Kg8
29.Nh6+ Kh8 30.Qxg7+ Nxg7 31.fxg7# 1-0

[Event "ch-RUS Junior 2017"]
[Site "Loo RUS"]
[Date "2017.04.27"]
[Round "8.1"]
[White "Sarana,A"]
[Black "Sorokin,Aleksey"]
[Result "0-1"]
[WhiteElo "2464"]
[BlackElo "2445"]

1.Nf3 Nf6 2.c4 g6 3.Nc3 d5 4.cxd5 Nxd5 5.Qb3 Nb6 6.d4 Bg7 7.Bf4 Be6 8.Qa3 Nc6
9.e3 O-O 10.Bb5 Nd5 11.Bg3 Ncb4 12.Rc1 a5 13.O-O c6 14.Be2 Re8 15.Rfd1 Nb6
16.d5 N6xd5 17.Nxd5 cxd5 18.Rc7 Bd7 19.Rxb7 Bc6 20.Rc7 e5 21.Rxc6 Nxc6 22.Qc5
Qc8 23.Qxd5 Rd8 24.Qe4 Rxd1+ 25.Bxd1 f6 26.h4 Ne7 27.Bb3+ Kh8 28.h5 Qc6 29.Qg4
a4 30.Bf7 g5 31.b3 h6 32.e4 a3 33.Nd2 Qc2 34.Nc4 Qxa2 35.Qd1 Nc6 36.Bd5 Rd8
37.Qc1 Nb4 38.Be6 Ra8 39.Nd6 Qc2 {#R} 0-1

[Event "ch-RUS Junior Girls 2017"]
[Site "Loo RUS"]
[Date "2017.04.27"]
[Round "8.1"]
[White "Chernyak,Viktoria"]
[Black "Maltsevskaya,Aleksandra"]
[Result "1-0"]
[WhiteElo "2241"]
[BlackElo "2238"]

1.d4 Nf6 2.c4 g6 3.f3 Bg7 4.e4 d6 5.Be3 O-O 6.Qd2 a6 7.Na3 Nc6 8.Ne2 Nd7 9.g3
e5 10.d5 Nd4 11.Nxd4 exd4 12.Bxd4 Bxd4 13.Qxd4 Ne5 14.Bg2 f5 15.f4 c5 16.dxc6
Nxc6 17.Qd5+ Kg7 18.O-O-O Qb6 19.Nc2 fxe4 20.Bxe4 Bg4 21.Rde1 Rad8 22.h3 Bf5
23.h4 Bxe4 24.Qxe4 Rfe8 25.Qd3 Qa5 26.a3 Rxe1+ 27.Rxe1 Qc5 28.Qc3+ Kg8 29.b4
Qf2 30.b5 axb5 31.cxb5 Na5 32.Qxa5 Rc8 33.Qd2 Rxc2+ 34.Kxc2 {#r} 1-0

[Event "Zonal 2.4 2017"]
[Site "Florianopolis BRA"]
[Date "2017.04.27"]
[Round "2.1"]
[White "Cori,J"]
[Black "Miguel,G"]
[Result "1-0"]
[WhiteElo "2611"]
[BlackElo "2216"]

1.d4 Nf6 2.Nf3 e6 3.c4 Bb4+ 4.Bd2 Bxd2+ 5.Qxd2 d5 6.Nc3 O-O 7.e3 Qe7 8.Bd3
dxc4 9.Bxc4 c5 10.O-O a6 11.dxc5 Qxc5 12.Bd3 Qe7 13.Rfd1 b5 14.a4 b4 15.Ne4
Nxe4 16.Bxe4 Bb7 17.Qd3 Bxe4 18.Qxe4 Ra7 19.Rac1 Nd7 20.Nd4 Nb8 21.Nb3 h6
22.h3 Nd7 23.Na5 Nf6 24.Qe5 Rd7 25.Nc6 Rxd1+ 26.Rxd1 Qb7 27.Qd6 Nd5 28.e4 Nf6
29.Rd4 a5 30.b3 Ra8 31.Nxa5 Qc8 32.Nc4 Qb7 33.f3 Rb8 34.a5 Qa7 35.Nb6 Qxa5
36.Qxb8+ {#r} 1-0

[Event "Zonal 2.4 2017"]
[Site "Florianopolis BRA"]
[Date "2017.04.27"]
[Round "2.2"]
[White "Dos Santos,H"]
[Black "Cruz,Cr"]
[Result "0-1"]
[WhiteElo "2209"]
[BlackElo "2557"]

1.d4 Nf6 2.Nf3 e6 3.Bf4 b6 4.e3 Bb7 5.Nbd2 g6 6.Bd3 Bg7 7.c3 O-O 8.h4 h5 9.e4
d6 10.Qe2 Nbd7 11.e5 dxe5 12.Nxe5 Nxe5 13.dxe5 Ng4 14.O-O-O Nxf2 15.Be4 Bxe4
16.Qxf2 Bf5 17.Ne4 Qe8 18.Nf6+ Bxf6 19.exf6 Qa4 20.b3 Qa3+ 21.Qb2 Qc5 22.Rd4
e5 23.Rc4 Qd6 24.Rd1 Qe6 25.Re1 c5 26.Bxe5 Rad8 27.Qf2 Rfe8 28.Qe3 Kh7 29.g4
Bxg4 30.Bf4 Qxf6 31.Qxe8 Rxe8 32.Rxe8 Be6 33.Re4 Qxc3+ {#R} 0-1

[Event "Zonal 2.4 2017"]
[Site "Florianopolis BRA"]
[Date "2017.04.27"]
[Round "2.6"]
[White "Gauche,C"]
[Black "Di Berardino,D"]
[Result "0-1"]
[WhiteElo "2197"]
[BlackElo "2494"]

1.e4 c5 2.b3 b6 3.Bb2 Bb7 4.Nc3 e6 5.d4 cxd4 6.Qxd4 Nf6 7.e5 Nd5 8.Nxd5 Bxd5
9.Ne2 Nc6 10.Qd2 Rc8 11.Nf4 Be4 12.Bd3 Bb4 13.c3 Bxd3 14.Nxd3 Be7 15.O-O d5
16.exd6 Qxd6 17.Rad1 O-O 18.Qe2 Bf6 19.f3 b5 20.Kh1 {#R} 0-1

[Event "Zonal 2.4 2017"]
[Site "Florianopolis BRA"]
[Date "2017.04.27"]
[Round "2.7"]
[White "Quintiliano Pinto,R"]
[Black "Carvalho,H"]
[Result "1-0"]
[WhiteElo "2494"]
[BlackElo "2161"]

1.d4 Nf6 2.c4 c6 3.Nc3 d5 4.e3 g6 5.Nf3 Bg7 6.cxd5 cxd5 7.Bb5+ Bd7 8.Qb3 O-O
9.Bxd7 Nbxd7 10.Nxd5 Nxd5 11.Qxd5 e5 12.O-O exd4 13.exd4 Qc8 14.Bg5 Nb6 15.Qb3
Qf5 16.Rac1 Rac8 17.Be3 Qd5 18.Qxd5 Nxd5 19.Bd2 Rfe8 20.Rfd1 Rcd8 21.Kf1 Re4
22.Rc4 h6 23.Re1 f5 24.Rxe4 fxe4 25.Ne5 g5 26.Rc1 Bxe5 27.dxe5 Re8 28.Rc5 Rxe5
29.Rc8+ Kf7 30.Rh8 Kg6 31.Rd8 Nf4 32.Rd6+ Kf5 33.Rxh6 Re7 34.Rd6 g4 35.Bxf4
Kxf4 36.Rd5 e3 37.Rd4+ {#r} 1-0

[Event "Zonal 2.4 2017"]
[Site "Florianopolis BRA"]
[Date "2017.04.27"]
[Round "2.9"]
[White "Terry,R"]
[Black "Andrade Fiaes,M"]
[Result "1-0"]
[WhiteElo "2463"]
[BlackElo "2154"]

1.Nf3 Nf6 2.c4 b6 3.g3 Bb7 4.Bg2 e6 5.O-O g6 6.Qc2 Bg7 7.Nc3 O-O 8.e4 d6 9.d4
Nbd7 10.b3 Re8 11.Bb2 e5 12.Rfe1 exd4 13.Nxd4 Nc5 14.Rad1 Qc8 15.b4 Ncd7
16.Nd5 a6 17.Ne2 Ne5 18.f4 Neg4 19.Bc1 Nd7 20.h3 Ngf6 21.Bb2 Qb8 22.a3 Qc8
23.Kh2 Qb8 24.Bc3 Qc8 25.Qb2 Nh5 26.g4 Bxc3 27.Qxc3 Ng7 28.Ng3 Ne6 29.Rf1 Nd8
30.g5 Ne6 31.Ne3 h5 32.gxh6 f6 33.Ng4 Qd8 34.c5 bxc5 35.bxc5 Qe7 36.cxd6 cxd6
37.Qb3 Kh8 38.Qxb7 Rac8 39.e5 Ndc5 40.Qxe7 Rxe7 41.Rxd6 {#r} 1-0

[Event "Zonal 2.4 2017"]
[Site "Florianopolis BRA"]
[Date "2017.04.27"]
[Round "2.10"]
[White "Madeira,W"]
[Black "Santiago,Y"]
[Result "0-1"]
[WhiteElo "2189"]
[BlackElo "2453"]

1.Nf3 d6 2.c4 e5 3.Nc3 f5 4.d3 Nf6 5.g3 g6 6.Bg2 Bg7 7.O-O O-O 8.Rb1 Nc6 9.b4
h6 10.b5 Ne7 11.a4 g5 12.Ba3 Ng6 13.Ne1 Re8 14.Nc2 h5 15.Nd5 h4 16.a5 Rb8
17.a6 g4 18.Ncb4 Nh5 19.axb7 Rxb7 20.Nc6 Qg5 21.Na5 f4 22.Nxb7 Bxb7 23.Nxf4
exf4 24.Bxb7 hxg3 25.e3 fxe3 26.fxe3 Qxe3+ 27.Kh1 Qe2 28.Bg2 Nh4 29.Qxe2 Rxe2
30.Rg1 Nf3 31.Rgd1 gxh2 {#R} 0-1

[Event "Zonal 2.4 2017"]
[Site "Florianopolis BRA"]
[Date "2017.04.27"]
[Round "2.11"]
[White "Proudian,Armen"]
[Black "Gisclan,H"]
[Result "1-0"]
[WhiteElo "2437"]
[BlackElo "2153"]

1.e4 e6 2.d4 d5 3.Nd2 Nf6 4.e5 Nfd7 5.Bd3 b6 6.f4 Ba6 7.Qe2 Bxd3 8.Qxd3 c5
9.Ne2 Nc6 10.c3 cxd4 11.Nxd4 Nxd4 12.cxd4 Qh4+ 13.g3 Qh3 14.Nf3 Be7 15.Bd2 O-O
16.O-O-O Rfc8+ 17.Kb1 Qf5 18.Qxf5 exf5 19.Rc1 Kf8 20.Ne1 Rxc1+ 21.Bxc1 Bd8
22.Nc2 Ke7 23.Ne3 Ke6 24.g4 g6 25.gxf5+ gxf5 26.Rg1 Bh4 27.Rg2 Rc8 28.Bd2 Be7
29.Rg3 Nf8 30.Rh3 Ng6 31.Rxh7 Rg8 32.Kc2 Nxf4 33.Nxf5 Rc8+ 34.Kb1 Ne2 35.Ng7+
Kd7 36.Be3 Rc4 37.Nf5 Ke6 38.Nxe7 Kxe7 39.Rh4 b5 40.Rg4 a5 {#r} 1-0

[Event "Zonal 2.4 2017"]
[Site "Florianopolis BRA"]
[Date "2017.04.27"]
[Round "2.13"]
[White "Ribeiro,Matheus Cavalcante"]
[Black "Umetsubo,C"]
[Result "0-1"]
[WhiteElo "2157"]
[BlackElo "2392"]

1.e4 c6 2.d4 d5 3.Nd2 dxe4 4.Nxe4 Bf5 5.Ng3 Bg6 6.Nf3 Nd7 7.h4 h6 8.h5 Bh7
9.Bd3 Bxd3 10.Qxd3 e6 11.Bd2 Ngf6 12.O-O-O Be7 13.Ne4 Nxe4 14.Qxe4 Nf6 15.Qe2
Qd5 16.c4 Qe4 17.Rde1 Qxe2 18.Rxe2 O-O-O 19.Ba5 b6 20.Bc3 Kb7 21.Ne5 Rhf8
22.g4 Nd7 23.Nd3 Bf6 24.Kc2 b5 25.c5 Nb8 26.Re4 Rd5 27.Nf4 Rd7 28.Ne2 Na6
29.f4 b4 30.Bd2 Rfd8 31.Be3 Nc7 32.g5 Be7 33.Bd2 Bxc5 {#R} 0-1

[Event "Zonal 2.4 2017"]
[Site "Florianopolis BRA"]
[Date "2017.04.27"]
[Round "2.17"]
[White "Ribeiro,Allysson"]
[Black "Goncalves,I"]
[Result "0-1"]
[WhiteElo "1839"]
[BlackElo "2225"]

1.d4 Nf6 2.c4 g6 3.Nc3 Bg7 4.e4 d6 5.f4 O-O 6.Nf3 c5 7.d5 e6 8.Be2 exd5 9.cxd5
Bg4 10.O-O Nfd7 11.h3 Bxf3 12.Bxf3 Na6 13.Bg4 f5 14.exf5 gxf5 15.Bf3 Nc7
16.Qd3 Qf6 17.Be3 Rae8 18.Rae1 a6 19.a4 Qh4 20.Kh2 Bh6 21.g3 Qf6 22.Bf2 Kh8
23.Bh5 Rb8 24.Re2 b5 25.axb5 axb5 26.Rfe1 b4 27.Nd1 Bg7 28.Ne3 Nb6 29.Bf3 Qd4
30.Qc2 Qf6 31.Nc4 Nxc4 32.Qxc4 Rbe8 33.Bh5 Rxe2 34.Rxe2 Qh6 35.Bf3 Qg6 36.Qd3
Qf7 37.Bxc5 dxc5 38.d6 c4 39.Qd1 Nb5 40.Bc6 Nd4 41.Re7 Qf6 42.Rb7 Qxd6 {#R}
0-1

[Event "Zonal 2.4 2017"]
[Site "Florianopolis BRA"]
[Date "2017.04.27"]
[Round "2.19"]
[White "Trois,F"]
[Black "Lahoz,Cassiano"]
[Result "1-0"]
[WhiteElo "2205"]
[BlackElo "1780"]

1.c4 c5 2.Nc3 Nc6 3.Nf3 g6 4.e3 Bg7 5.d4 cxd4 6.exd4 d6 7.d5 Ne5 8.Nxe5 Bxe5
9.Bd3 Bg7 10.O-O Nf6 11.Bf4 O-O 12.Qd2 Bd7 13.Rfe1 Re8 14.h3 Rc8 15.Rac1 a6
16.Bf1 Nh5 17.Bg5 Nf6 18.b3 Qa5 19.Bd3 Qb6 20.Re2 e5 21.dxe6 fxe6 22.Ne4 Nxe4
23.Bxe4 Bf8 24.Rd1 Bc6 25.Bh6 Bxe4 26.Rxe4 Bxh6 27.Qxh6 Rcd8 28.Qg5 Qc7 29.Qe3
Qf7 30.Qb6 Qe7 31.Red4 d5 32.cxd5 exd5 33.Rxd5 Rxd5 34.Rxd5 Qe1+ 35.Kh2 Qe7
36.Qd4 Qc7+ 37.g3 Re7 38.h4 Qc2 39.Rd8+ Kf7 40.Qd5+ Re6 41.Qxb7+ Kf6 42.Qf3+
{#r} 1-0

[Event "Zonal 2.4 2017"]
[Site "Florianopolis BRA"]
[Date "2017.04.27"]
[Round "2.20"]
[White "Brandt,Ladir Albano Becker"]
[Black "Born,C"]
[Result "0-1"]
[WhiteElo "1786"]
[BlackElo "2197"]

1.c4 Nf6 2.Nc3 g6 3.g3 Bg7 4.Bg2 O-O 5.Nh3 d6 6.d4 Nbd7 7.O-O e5 8.e3 Re8
9.Re1 c6 10.Qc2 Nf8 11.b3 Bf5 12.Qd2 e4 13.Ng5 h6 14.Nh3 g5 15.Kh1 Qd7 16.Ng1
Ng6 17.Bb2 g4 18.Nce2 Nh7 19.d5 c5 20.Bxg7 Kxg7 21.Qc3+ Ne5 22.Nf4 Ng5 23.Nge2
Qe7 24.Nh5+ Kh8 25.Nef4 Rac8 26.a4 Rg8 27.a5 Nh7 28.h4 gxh3 29.Bxh3 Bxh3
30.Nxh3 Qd7 31.N5f4 Qg4 32.Qb2 Ng5 33.Kg2 Nxh3 34.Nxh3 Qf3+ 35.Kh2 Rg4 36.Nf4
Rcg8 37.Rg1 Kh7 38.Rg2 Rxf4 39.exf4 Qh5+ 40.Kg1 Nf3+ 41.Kf1 Qh1+ 42.Ke2 Qxg2
{#R} 0-1

[Event "Zonal 2.4 2017"]
[Site "Florianopolis BRA"]
[Date "2017.04.27"]
[Round "2.22"]
[White "Souza Neves,A"]
[Black "Maiberg,Wellington Gubiani"]
[Result "1-0"]
[WhiteElo "2163"]
[BlackElo "1892"]

1.d4 Nf6 2.c4 c5 3.d5 e6 4.Nc3 exd5 5.cxd5 d6 6.Nf3 g6 7.Bf4 Bg7 8.e3 O-O 9.h3
Na6 10.Be2 Nc7 11.a4 Na6 12.O-O Nb4 13.e4 Qe7 14.Nd2 a6 15.a5 Bd7 16.Re1 Rad8
17.Nc4 Bb5 18.Bxd6 Rxd6 19.Nxd6 Bxe2 20.Qxe2 Nfxd5 21.Nxd5 Nxd5 22.exd5 Qxd6
23.Qf3 c4 24.Rac1 Qb4 25.Qe4 Qxa5 26.Rxc4 Bxb2 27.Rb1 b5 28.Rc6 Bf6 {#r} 1-0

[Event "Zonal 2.4 2017"]
[Site "Florianopolis BRA"]
[Date "2017.04.27"]
[Round "2.25"]
[White "Ueti,S"]
[Black "Cezar,Ricardo De Almeida"]
[Result "1-0"]
[WhiteElo "2098"]
[BlackElo "1497"]

1.Nf3 Nf6 2.c4 c6 3.d4 d5 4.Nc3 dxc4 5.a4 Bf5 6.Ne5 Na6 7.f3 Nb4 8.e4 Bg6
9.Be3 Nfd5 10.exd5 Nc2+ 11.Kf2 Nxa1 12.Nxg6 hxg6 13.Bxc4 cxd5 14.Bb5+ {#r} 1-0

[Event "Zonal 2.4 2017"]
[Site "Florianopolis BRA"]
[Date "2017.04.27"]
[Round "2.26"]
[White "Coelho,L"]
[Black "De Haro,M"]
[Result "1-0"]
[WhiteElo "2406"]
[BlackElo "1925"]

1.d4 d5 2.c4 e6 3.Nf3 c5 4.cxd5 cxd4 5.dxe6 Bxe6 6.Nxd4 Bc5 7.e3 Bxd4 8.exd4
Nc6 9.Be3 Qa5+ 10.Nc3 Rd8 11.Bb5 Ne7 12.O-O O-O 13.a3 a6 14.Bd3 Nf5 15.b4 Nxe3
16.fxe3 Qg5 17.Qe2 Rfe8 18.Qf2 Re7 19.Ne4 Qh6 20.Rae1 {#r} 1-0

[Event "Zonal 2.4 2017"]
[Site "Florianopolis BRA"]
[Date "2017.04.27"]
[Round "2.27"]
[White "Sopko,Cassio Roberto"]
[Black "Barreto Junior,Williem Silva"]
[Result "0-1"]
[WhiteElo "1943"]
[BlackElo "2195"]

1.d4 Nf6 2.c4 c5 3.e3 g6 4.Nf3 Bg7 5.Nc3 O-O 6.Be2 cxd4 7.exd4 d5 8.cxd5 Nxd5
9.O-O Nc6 10.Bc4 Nb6 11.d5 Nxc4 12.dxc6 Qxd1 13.Rxd1 bxc6 14.a4 Rb8 15.Ra2 Bg4
16.Re1 Rfd8 17.Nd1 Bxf3 18.gxf3 Ne5 19.Bf4 Nxf3+ 20.Kf1 Nxe1 21.Bxb8 Rxd1
22.Ke2 Rb1 23.Bxa7 Nc2 24.Bc5 Rxb2 25.Rxb2 Bxb2 26.Kd3 Na3 27.Bxe7 f5 28.f4
Kf7 29.Bc5 Ke6 30.a5 Bc1 31.a6 Nb5 32.a7 Nxa7 33.Bxa7 Bxf4 {#R} 0-1

[Event "Zonal 2.4 2017"]
[Site "Florianopolis BRA"]
[Date "2017.04.27"]
[Round "2.28"]
[White "Jesus Filho,J"]
[Black "Ferreira,K"]
[Result "0-1"]
[WhiteElo "1909"]
[BlackElo "2087"]

1.e4 e5 2.Nf3 Nc6 3.Bc4 Nf6 4.d3 Be7 5.O-O O-O 6.c3 d5 7.exd5 Nxd5 8.Re1 Bg4
9.Nbd2 Nb6 10.b4 Bf6 11.a4 Nxc4 12.Nxc4 a6 13.h3 Bh5 14.g4 e4 15.d4 exf3
16.gxh5 Qd5 17.Nd2 Qg5+ {#R} 0-1

[Event "Zonal 2.4 2017"]
[Site "Florianopolis BRA"]
[Date "2017.04.27"]
[Round "2.31"]
[White "Serafim Junior,Arnor"]
[Black "Sekula,Markley Ribas"]
[Result "0-1"]
[WhiteElo "1855"]
[BlackElo "2065"]

1.Nf3 d5 2.g3 Nc6 3.d3 e5 4.Nbd2 f5 5.e4 fxe4 6.dxe4 dxe4 7.Nxe4 Qxd1+ 8.Kxd1
Bg4 9.Be2 O-O-O+ 10.Bd2 Nf6 11.Neg5 e4 12.Ne1 Bxe2+ 13.Kxe2 Nd4+ 14.Kd1 h6
15.Nf7 Ng4 16.Be3 Bc5 17.Nxh8 Nb3+ 18.Ke2 Bxe3 19.fxe3 Rd2+ 20.Kf1 Nxe3+
21.Kg1 Nd4 {#R} 0-1